| 000 | 00618nam a2200205 i 4500 | ||
|---|---|---|---|
| 001 | 128213 | ||
| 003 | ES-MaACL | ||
| 005 | 20230906193209.0 | ||
| 007 | t| | ||
| 008 | 070625s1932 sp ||||1| spa d | ||
| 100 | 1 |
_aZinoviev, Grigori Yevseievich. _9118291 |
|
| 245 | 1 | 0 |
_aHistoria del partido comunista / _cG. Zinoviev. |
| 260 |
_aMadrid : _bUlises, _c1932. |
||
| 300 |
_a288 p. : _bil. ; _c17 cm. |
||
| 490 | 1 | _aColección nueva política | |
| 651 | 4 |
_aRusia- _xHistoria- _y1917-1921, Revolución. _99336 |
|
| 830 | 0 |
_aColección nueva política _9219253 |
|
| 852 |
_aES-MaACL _jA-679 |
||
| 999 |
_c128213 _d128213 |
||